| 000 | 01347nam a2200313Ia 4500 | ||
|---|---|---|---|
| 001 | ebr10278040 | ||
| 003 | CaPaEBR | ||
| 006 | m u | ||
| 007 | cr cn||||||||| | ||
| 008 | 901102s1990 nyua sb 000 0 eng d | ||
| 010 | _z 89032560 | ||
| 020 | _z9780195080438 | ||
| 020 | _z9786610526680 | ||
| 040 |
_aCaPaEBR _cCaPaEBR |
||
| 035 | _a(OCoLC)73172689 | ||
| 050 | 1 | 4 |
_aHB75 _b.R6724 1990eb |
| 100 | 1 |
_aRostow, W. W. _q(Walt Whitman), _d1916-2003. |
|
| 245 | 1 | 0 |
_aTheorists of economic growth from David Hume to the present _h[electronic resource] : _bwith a perspective on the next century / _cW.W. Rostow ; including a mathematical appendix by Michael Kennedy and the author. |
| 260 |
_aNew York ; _aOxford : _bOxford University Press, _c1990. |
||
| 300 |
_axx, 712 p. : _bill. |
||
| 504 | _aIncludes bibliographical references (p. [571]-682). | ||
| 533 |
_aElectronic reproduction. _bPalo Alto, Calif. : _cebrary, _d2009. _nAvailable via World Wide Web. _nAccess may be limited to ebrary affiliated libraries. |
||
| 650 | 0 |
_aEconomic development _xHistory. |
|
| 650 | 0 |
_aEconomists _xHistory. |
|
| 655 | 7 |
_aElectronic books. _2local |
|
| 700 | 1 | _aKennedy, Michael. | |
| 710 | 2 | _aebrary, Inc. | |
| 856 | 4 | 0 |
_uhttp://site.ebrary.com/lib/rucke/Doc?id=10278040 _zAn electronic book accessible through the World Wide Web; click to view |
| 999 |
_c4165 _d4165 |
||